Advertishing Principles and Practice (Record no. 760)

MARC details
000 -LEADER
fixed length control field 00454nam a22001697a 4500
005 - DATE AND TIME OF LATEST TRANSACTION
control field 20260509103634.0
008 - FIXED-LENGTH DATA ELEMENTS--GENERAL INFORMATION
fixed length control field 160513b xxu||||| |||| 00| 0 eng d
020 ## - INTERNATIONAL STANDARD BOOK NUMBER
ISBN 978-81-317-1414-0
041 ## - LANGUAGE CODE
Language code of text/sound track or separate title eng
082 ## - DEWEY DECIMAL CLASSIFICATION NUMBER
Classification number 659.1
100 ## - MAIN ENTRY--AUTHOR NAME
Personal name William Wells Sandra Mariarty John Burnett
245 ## - TITLE STATEMENT
Title Advertishing Principles and Practice
260 ## - PUBLICATION, DISTRIBUTION, ETC. (IMPRINT)
Place of publication Noida
Name of publisher Dorlung Kindesley India P. Ltd.
Year of publication 2006
300 ## - PHYSICAL DESCRIPTION
Number of Pages 570
650 ## - SUBJECT ADDED ENTRY--TOPICAL TERM
Topical Term Management
942 ## - ADDED ENTRY ELEMENTS (KOHA)
Koha item type Books
Holdings
Lost status Damaged status Collection code Home library Current library Shelving location Date acquired Full call number Accession Number Koha item type
    MANAGEMENT JRU Library JRU Library SHELF-73-C 13/05/2016 659.1 2078 Books
    MANAGEMENT JRU Library JRU Library SHELF-73-C 13/05/2016 659.1 2079 Books
    MANAGEMENT JRU Library JRU Library SHELF-73-C 13/05/2016 659.1 2080 Books